| 000 | 00885nam a2200241Ia 4500 | ||
|---|---|---|---|
| 003 | GCL | ||
| 008 | 140319s9999 xx 000 0 ara d | ||
| 040 |
_aGCL / _cGCL |
||
| 082 | 0 | 4 |
_a913.3 _bن ح |
| 100 | 1 | _aالنابلسى، عبدالغنى بن اسماعيل | |
| 245 | 1 | 0 |
_aالحقيقة والمجاز فى رحلة بلاد الشام ومصر والحجاز / _cالنابلسى، عبدالغنى بن اسماعيل |
| 700 | 1 | _aاحمد عبدالمجيد هريدى | |
| 260 |
_a[S.N] : _bالهيئة المصرية العامة للكتاب ، _c1986 |
||
| 300 | _a623 ص | ||
| 490 | _a | ||
| 650 | 0 | 4 | _aمصر |
| 650 | 0 | 4 | _aالجغرافيا والرحلات |
| 650 | 0 | 4 | _aالرحالة العرب |
| 650 | 0 | 4 | _aبلاد الشام |
| 650 | 0 | 4 | _aالجزيرة العربية |
| 650 | 0 | 4 | _aالامبراطورية العثمانية |
| 942 |
_2ddc _cBK |
||
| 999 |
_c52448 _d52448 |
||